The Bible Translation: (Record no. 195)
[ view plain ]
| 000 -LEADER | |
|---|---|
| fixed length control field | 00530nam a2200181Ia 4500 |
| 003 - CONTROL NUMBER IDENTIFIER | |
| control field | OSt |
| 005 - DATE AND TIME OF LATEST TRANSACTION | |
| control field | 20241126110332.0 |
| 008 - FIXED-LENGTH DATA ELEMENTS--GENERAL INFORMATION | |
| fixed length control field | 160602b xxu||||| |||| 00| 0 eng d |
| 040 ## - CATALOGING SOURCE | |
| Transcribing agency | gbc |
| 082 ## - DEWEY DECIMAL CLASSIFICATION NUMBER | |
| Classification number | 220.5200954 |
| Item number | HOO |
| 100 ## - MAIN ENTRY--PERSONAL NAME | |
| Personal name | Hooper, J.S.M |
| 9 (RLIN) | 7376 |
| 245 #4 - TITLE STATEMENT | |
| Title | The Bible Translation: |
| Remainder of title | in India, Pakistan and Ceylon / |
| Statement of responsibility, etc. | J. S. M. Hooper |
| 250 ## - EDITION STATEMENT | |
| Edition statement | 2nd Ed. |
| 260 ## - PUBLICATION, DISTRIBUTION, ETC. | |
| Name of publisher, distributor, etc. | Oxford University Press, |
| Place of publication, distribution, etc. | London: |
| Date of publication, distribution, etc. | 1963 |
| 300 ## - PHYSICAL DESCRIPTION | |
| Extent | 226p.; |
| Other physical details | ill., |
| Dimensions | 18 cm. |
| 653 ## - INDEX TERM--UNCONTROLLED | |
| Uncontrolled term | Bible - Modern Versions and Translations |
| 942 ## - ADDED ENTRY ELEMENTS (KOHA) | |
| Edition | 2 |
| Source of classification or shelving scheme | Dewey Decimal Classification |
| Koha item type | Books |
| Withdrawn status | Lost status | Source of classification or shelving scheme | Damaged status | Not for loan | Home library | Current Library | Shelving location | Date acquired | Total checkouts | Full call number | Barcode | Date last seen | Copy number | Price effective from | Koha item type |
|---|---|---|---|---|---|---|---|---|---|---|---|---|---|---|---|
| Dewey Decimal Classification | GRACE BIBLE COLLEGE | GRACE BIBLE COLLEGE | Biblical Studies | 2016-06-02 | 220.5200954 HOO | 000114 | 2025-05-01 | c.1 | 2016-06-02 | Books | |||||
| Dewey Decimal Classification | GRACE BIBLE COLLEGE | GRACE BIBLE COLLEGE | Biblical Studies | 2016-06-02 | 220.5200954 HOO | 003728 | 2025-05-01 | c.2 | 2016-06-02 | Books | |||||
| Dewey Decimal Classification | GRACE BIBLE COLLEGE | GRACE BIBLE COLLEGE | Biblical Studies | 2016-06-02 | 220.5200954 HOO | 003729 | 2025-05-01 | c.3 | 2016-06-02 | Books | |||||
| Dewey Decimal Classification | GRACE BIBLE COLLEGE | GRACE BIBLE COLLEGE | Biblical Studies | 2018-04-27 | 220.5200954 HOO | 003734 | 2025-05-01 | c.4 | 2018-04-27 | Books |